00758nam a2200229Ii 45000010005000000030009000050080041000140200015000550400033000700410008001030840013001111000020001242450027001442640065001713000012002363360026002483370028002743380027003029400050003299990017003799520132003965839CO-ViMGA241108s9999||||xx |||||||||||||| ||und|| a8482807412 aCO-ViMGAbspaerdacCO-ViMGA0 aunk aN DAU1ta1 aAlphonse Daudet10aTartaria de Tarascón 1a[Lugar de publicación no identificado] : Oveja Negra, 1985 avolumen atextbtxt2rdacontent aunmediatedbn2rdamedia avolumebnc2rdacarrier aidficha_siabuc: 5693. -- ficha_no_siabuc:5839 c50048d50048 001040708012aMEVIGERRbMEVIGERRcLITd2006-11-27oN DAU1tapECA4886r2024-11-26 10:01:35tEj.1w2024-11-26yBKz5693 | 7965